<?xml version="1.0" encoding="UTF-8"?>
<collection xmlns="http://www.loc.gov/MARC21/slim">
 <record>
  <leader>01353nam a2200325 a 4500</leader>
  <controlfield tag="001">28724</controlfield>
  <controlfield tag="003">BD-DhAAL</controlfield>
  <controlfield tag="005">20230525140507.0</controlfield>
  <controlfield tag="008">141231s2008    enk           000 f eng  </controlfield>
  <datafield tag="010" ind1=" " ind2=" ">
   <subfield code="a">  2008428564</subfield>
  </datafield>
  <datafield tag="020" ind1=" " ind2=" ">
   <subfield code="a">9780199535651 (pbk.)</subfield>
  </datafield>
  <datafield tag="020" ind1=" " ind2=" ">
   <subfield code="a">0199535655 (pbk.)</subfield>
  </datafield>
  <datafield tag="040" ind1=" " ind2=" ">
   <subfield code="a">UKM</subfield>
   <subfield code="c">UKM</subfield>
   <subfield code="d">BTCTA</subfield>
   <subfield code="d">BAKER</subfield>
   <subfield code="d">YDXCP</subfield>
   <subfield code="d">DLC</subfield>
   <subfield code="d">BD-DhAAL</subfield>
  </datafield>
  <datafield tag="041" ind1="1" ind2=" ">
   <subfield code="a">eng</subfield>
  </datafield>
  <datafield tag="050" ind1="0" ind2="0">
   <subfield code="a">PQ2246.M2</subfield>
   <subfield code="b">E5 2008</subfield>
  </datafield>
  <datafield tag="082" ind1="0" ind2="4">
   <subfield code="a">843.8</subfield>
   <subfield code="2">22</subfield>
  </datafield>
  <datafield tag="100" ind1="1" ind2=" ">
   <subfield code="a">Flaubert, Gustave,</subfield>
   <subfield code="d">1821-1880.</subfield>
   <subfield code="9">7044</subfield>
  </datafield>
  <datafield tag="240" ind1="1" ind2="0">
   <subfield code="a">Madame Bovary.</subfield>
   <subfield code="l">English</subfield>
  </datafield>
  <datafield tag="245" ind1="1" ind2="0">
   <subfield code="a">Madame Bovary :</subfield>
   <subfield code="b">provincial manners /</subfield>
   <subfield code="c">Gustave Flaubert ; translated by Margaret Mauldon ; with an introduction by Malcolm Bowie ; and notes by Mark Overstall..</subfield>
  </datafield>
  <datafield tag="260" ind1=" " ind2=" ">
   <subfield code="a">Oxford ;</subfield>
   <subfield code="a">New York :</subfield>
   <subfield code="b">Oxford University Press,</subfield>
   <subfield code="c">c2008.</subfield>
  </datafield>
  <datafield tag="300" ind1=" " ind2=" ">
   <subfield code="a">xxxviii, 329 p. ;</subfield>
   <subfield code="c">20 cm.</subfield>
  </datafield>
  <datafield tag="490" ind1="0" ind2=" ">
   <subfield code="a">Oxford world's classics</subfield>
  </datafield>
  <datafield tag="541" ind1=" " ind2=" ">
   <subfield code="e">28724</subfield>
  </datafield>
  <datafield tag="650" ind1=" " ind2="0">
   <subfield code="a">Married women</subfield>
   <subfield code="z">France</subfield>
   <subfield code="v">Fiction.</subfield>
   <subfield code="9">7045</subfield>
  </datafield>
  <datafield tag="651" ind1=" " ind2="0">
   <subfield code="a">France</subfield>
   <subfield code="x">Social life and customs</subfield>
   <subfield code="v">Fiction.</subfield>
   <subfield code="9">7046</subfield>
  </datafield>
  <datafield tag="700" ind1="1" ind2=" ">
   <subfield code="a">Mauldon, Margaret.</subfield>
   <subfield code="9">7047</subfield>
  </datafield>
  <datafield tag="852" ind1=" " ind2=" ">
   <subfield code="a">BRAC Institute of Language</subfield>
   <subfield code="c">General Stacks</subfield>
  </datafield>
  <datafield tag="942" ind1=" " ind2=" ">
   <subfield code="2">ddc</subfield>
   <subfield code="c">BK</subfield>
  </datafield>
  <datafield tag="999" ind1=" " ind2=" ">
   <subfield code="c">33366</subfield>
   <subfield code="d">33366</subfield>
  </datafield>
  <datafield tag="952" ind1=" " ind2=" ">
   <subfield code="0">0</subfield>
   <subfield code="1">0</subfield>
   <subfield code="2">ddc</subfield>
   <subfield code="4">0</subfield>
   <subfield code="6">843_800000000000000_FLA</subfield>
   <subfield code="7">0</subfield>
   <subfield code="9">44580</subfield>
   <subfield code="a">BRACUL</subfield>
   <subfield code="b">BRACUL</subfield>
   <subfield code="c">GEN</subfield>
   <subfield code="d">2014-12-31</subfield>
   <subfield code="e">BRAC Institute of Language (BIL)</subfield>
   <subfield code="l">3</subfield>
   <subfield code="m">42</subfield>
   <subfield code="o">843.8 FLA</subfield>
   <subfield code="p">3010028724</subfield>
   <subfield code="r">2025-09-15</subfield>
   <subfield code="s">2025-04-13</subfield>
   <subfield code="t">1</subfield>
   <subfield code="w">2014-12-31</subfield>
   <subfield code="y">BK</subfield>
   <subfield code="x">Transferred from BIL to BRACUL on 06/06/22</subfield>
  </datafield>
 </record>
</collection>
